Na teia da aranha (Registo nº 201845)

Detalhes MARC
000 -Etiqueta do registo
Valores 00533nam 22001933 4500
010 ## - Número ISBN
ISBN 972-42-1147-9
021 ## - Número do Depósito Legal
Número 85536/95
100 ## - Dados gerais de processamento
Dados gerais 20260420d u||y0pory50 ba
200 ## - Titulo e menção de responsabilidade
Título próprio Na teia da aranha
Primeira menção de responsabilidade James Patterson
210 ## - Publicação
Local de publicação Lisboa
Nome do editor Circulo de Leitores
Data de publicação 1995
215 ## - Descrição física 
Paginação / Volumes 430 p.
Outras indicações físicas encadernado
Dimensões 21 cm
606 ## - Nome comum usado como assunto
ID Autoridade 16
Palavra de ordem Literatura Americana
675 ## - CDU
Notação 821.111(73)-3
Edição PT
Língua por
700 ## - Autor principal (pessoa individual)
ID Autoridade 718
Apelido Patterson
Nome James
Datas 1947-
801 ## - Fonte de origem
País PT
Agência BMMN
Regras de catalogação RPC
830 ## - Notas gerais do catalogador
Criado por Fernando
Indexado por Fernando
990 ## - Elementos KOHA
Tipo de documento Livro
Exemplares
Situação do levantamento Biblioteca de origem Código de barras Cota Permissão de empréstimo Tipo de documento Forma de aquisição
  Biblioteca Municipal de Montemor-o-Novo 31227 821.111(73)-3 PAT|LG   Livro Oferta

Powered by Koha